| 000 | 00822nam a2200277 i 4500 | ||
|---|---|---|---|
| 001 | 3215500 | ||
| 003 | OSt | ||
| 005 | 20230619122327.0 | ||
| 008 | 780613s1977 enkab b 001 0 eng | ||
| 010 | _a 78312566 | ||
| 015 | _aGB77-29969 | ||
| 020 |
_a058264173X. _a0582641748 _c£3.50 |
||
| 040 |
_aDLC _cDLC _dDLC |
||
| 043 | _af------ | ||
| 082 | 0 | 0 |
_a301.96 _bPEI |
| 100 | 1 | _aPeil, Margaret. | |
| 245 | 1 | 0 |
_aConsensus and conflict in African societies : _ban introduction to sociology / _c[by] Margaret Peil. |
| 260 |
_aLondon : _bLongman, _c1977. |
||
| 300 |
_axv, 396 p. : _bill., maps ; _c23 cm. |
||
| 500 | _aIncludes index. | ||
| 504 | _aBibliography: p. 362-387. | ||
| 650 | 0 | _aSociology. | |
| 651 | 0 |
_aAfrica _xSocial conditions. |
|
| 906 |
_a7 _bcbc _corignew _d3 _encip _f19 _gy-gencatlg |
||
| 942 |
_2ddc _cBK |
||
| 999 |
_c1289 _d1289 |
||